Govt. of
Madhya Pradesh

भारत की राजव्‍यवस्‍था छठवां संस्‍करण सिविल सेवा... (Record no. 63340)

MARC details
000 -LEADER
fixed length control field 00400nam a22000977a 4500
100 ## - MAIN ENTRY--AUTHOR NAME
Personal name लक्ष्‍मीकांत,एम.
245 ## - TITLE STATEMENT
Title भारत की राजव्‍यवस्‍था छठवां संस्‍करण सिविल सेवा...
260 ## - PUBLICATION, DISTRIBUTION, ETC. (IMPRINT)
Place of publication Chennai
Name of publisher Mc Graw Hill
Year of publication 2020
650 ## - SUBJECT ADDED ENTRY--TOPICAL TERM
Topical Term राजव्‍यवस्‍था
942 ## - ADDED ENTRY ELEMENTS (KOHA)
Koha item type Hindi Books
Holdings
Withdrawn status Lost status Damaged status Not for loan Home library Current library Date acquired Cost, normal purchase price Full call number Accession Number Price effective from Koha item type
        MACL MACL 22/09/2020 790.00 320 GCLC00825 22/09/2020 Hindi Books
        MACL MACL 22/09/2020 790.00 320 GCLC00826 22/09/2020 Hindi Books
        MACL MACL 22/09/2020 790.00 320 GCLC00827 22/09/2020 Hindi Books
        MACL MACL 22/09/2020 790.00 320 GCLC00828 22/09/2020 Hindi Books
        MACL MACL 22/09/2020 790.00 320 GCLC00829 22/09/2020 Hindi Books